| 000 | 01672nam2a22002771 4500 | ||
|---|---|---|---|
| 001 | RU\NLR\INFOCOMM6\5000075328 | ||
| 005 | 20250617034747.0 | ||
| 035 | _a(NLR Aleph) 002425015 | ||
| 090 |
_a1940331 _c1940331 |
||
| 100 | _a20050122d1956 |||y0rusy50 ca | ||
| 101 | 0 | _arus | |
| 102 | _aRU | ||
| 105 | _ay ||||000|y | ||
| 200 | 1 |
_aПриспособление для шлифования вогнутых и выпуклых поверхностей с большим радиусом кривизны [и др. статьи] _fВ.М. Волков, Ф.В. Куцовский |
|
| 210 |
_d1956 _aБ. м. |
||
| 225 | 1 | _aСерия 12. Шлифовальные, полировочные и доводочные работы | |
| 461 | 0 |
_1001RU\NLR\INFOCOMM6\5000059236 _12001#$aПередовой производственно-технический опыт$fАкад. наук СССР. Ин-т техн.-экон. информации$v№Т-56-301/8 _93998323 _aЦентральный институт технико-экономической информации (Москва) _cМ. _d1956 _fАкад. наук СССР. Ин-т техн.-экон. информации _nИТЭИН _tПередовой производственно-технический опыт _v№Т-56-301/8 |
|
| 700 | 1 |
_4070 _7ca _8rus _aВолков _bВ. М. _cинженер, шлифовальные станки _gВалентин Михайлович _9270377 _3RU\NLR\AUTH\770270433 |
|
| 701 | 1 |
_aКуцовский _bФ.В. _4070 |
|
| 801 | 1 |
_aRU _bInfoComm _c20050201 |
|
| 801 | 0 |
_aRU _bNLR _gPSBO |
|
| 852 |
_aNLR _jП10/1493 |
||
| 942 | _cISSUE | ||
| 980 | _aNB | ||
| 980 | _aRUSPER | ||